01754nam a22002537a 4500003000900000008004100009040007100050082002400121110003300145245004500178260005000223300003800273440008700311505087300398650001501271650002601286650002501312650001701337700003501354700003601389700003001425700002601455700001901481AR-CdUCM190425b ||||| |||| 00| 0 spa d aMUNICIPALIDAD PROVINCIAL DEL CUSCOcBIBLIOTECA MUNICIPAL DEL CUSCO aRev.Allp/N°21/1983 aInstituto de Pastoral Andina aAllpanchis Phuturinqa :bRevista Anual / aCusco :bInstituto de Pastoral Andina,c1983. a216 páginas. :bmapas ;c20 cm. aRevista del Instituto de Pastoral Andina CusconAño XIII, 1983,N°21.Vol. XVIII. aContenido: Circuitos comerciales y auge minero en la sierra central a fines de la época colonial. Magdalena Chocano. -- Los arrieros de la sierra central durante el siglo XIX. Nelson Manrique. -- De las rutas ferias y circuitos en Huamanga. Jaime Urrutia. -- Arrieros troperos y llameros en Huancavelica. Ricardo Valderrama. Carmen Escalante. -- Ciclos y booms en la agricultura de exportación latinoamericana el caso de la economía ganadera en el sur peruano, 1855-1920. Nils Jacobsen. -- Pastores del altiplano andino meridional religiosidad territorio y equilibrio ecológico. Merlino. -- Transformaciones de la sociedad campesina articulación y subdesarrollo en las haciendas algodoneras peruanas el valle de Pisco 1883-1925. -- Ejes regionales y actividad agropecuaria en el Perú. Walter Meléndez. -- Un libro o un autor a la deriva. Marie Danielle.  aArriería aCircuitos comerciales aEconomía campesina aGanadería  aEscalante Gutiérrez, Carmen  aValderrama Fernández, Ricardo aManrique Gálvez, Nelson aUrrutia Ceruti, Jaime aJacobsen, Nils